La tuberculose, maladie congénitale. (Record no. 38250)

MARC details
000 -LEADER
fixed length control field 00587cam a22002171 4500
001 - CONTROL NUMBER
control field med47001057
003 - CONTROL NUMBER IDENTIFIER
control field DLC
005 - DATE AND TIME OF LATEST TRANSACTION
control field 20260227111601.0
008 - FIXED-LENGTH DATA ELEMENTS--GENERAL INFORMATION
fixed length control field 810815s1946 xx a 000 0 fre
010 ## - LIBRARY OF CONGRESS CONTROL NUMBER
LC control number med47001057
035 ## - SYSTEM CONTROL NUMBER
System control number (OCoLC)14735636
040 ## - CATALOGING SOURCE
Original cataloging agency DLC
Transcribing agency DNLM
Modifying agency DLC
042 ## - AUTHENTICATION CODE
Authentication code premarc
050 00 - LIBRARY OF CONGRESS CALL NUMBER
Classification number RC311
Item number .L95
060 0# - NATIONAL LIBRARY OF MEDICINE CALL NUMBER
Classification number WF 215
Item number L975t 1946
100 1# - MAIN ENTRY--PERSONAL NAME
Personal name Lumière, Auguste,
Dates associated with a name 1862-1954.
245 13 - TITLE STATEMENT
Title La tuberculose, maladie congénitale.
260 ## - PUBLICATION, DISTRIBUTION, ETC.
Place of publication, distribution, etc. Paris,
Name of publisher, distributor, etc. A. Michel
Date of publication, distribution, etc. [1946]
300 ## - PHYSICAL DESCRIPTION
Extent 2 p. l., [7]-267 p., 1 l.
Other physical details ill.
490 0# - SERIES STATEMENT
Series statement Sciences d'aujourd'hui

No items available.

Powered by Koha